| 000 | 00731cam a2200229 a 4500 | ||
|---|---|---|---|
| 001 | 1653178 | ||
| 005 | 20180313084336.0 | ||
| 008 | 970509s1998 mauab b 001 0 eng | ||
| 010 | _a 97021684 | ||
| 020 | _a0256228264 (alk. paper) | ||
| 040 |
_aDLC _cDLC _dDLC |
||
| 041 | _aeng | ||
| 080 | _a658.05 BER | ||
| 082 | 0 | 0 |
_a658.85 BER _221 |
| 100 | 1 | _a58 | |
| 101 | _aSHI | ||
| 245 | 1 | 0 |
_aSelling : _cBart A. Weitz, Stephen B. Castleberry, John F. Tanner, Jr. |
| 504 | _aIncludes bibliographical references and indexes. | ||
| 906 |
_a7 _bcbc _corignew _d1 _eocip _f19 _gy-gencatlg |
||
| 942 |
_2ddc _cBK |
||
| 999 |
_c44899 _d44899 |
||